Listed buildings and curtilage (Record no. 62965)

MARC details
000 -LEADER
fixed length control field 01206cam a2200241 4500
001 - CONTROL NUMBER
control field WB3612-24
008 - FIXED-LENGTH DATA ELEMENTS--GENERAL INFORMATION
fixed length control field 000000n2000 000 0 eng u
035 ## - SYSTEM CONTROL NUMBER
System control number (Sirsi) u104973
245 ## - TITLE STATEMENT
Title Listed buildings and curtilage
260 ## - PUBLICATION, DISTRIBUTION, ETC.
Date of publication, distribution, etc. 2000
490 ## - SERIES STATEMENT
Series statement Estates Gazette Case Summaries
Volume/sequential designation [2000] EGCS 31 (1)
520 ## - SUMMARY, ETC.
Summary, etc. CA 25 February 2000. "Skerritts of Nottingham Ltd v SOS Environment, and another". The council issued a listed building enforcement notice against the respondent S in respect of a stable block lying within the curtilage of the Grade II listed Grimsdyke Hotel. SOS took inspector's advice and dismissed respondent's appeal against notice. Deputy judge found inspector had overlooked principle that curtilage of listed building limited to a small area around building. Respondent's appeal allowed. SOS appealed. Held, appeal allowed.
590 ## - LOCAL NOTE (RLIN)
Local note WB
650 ## - SUBJECT ADDED ENTRY--TOPICAL TERM
Topical term or geographic name entry element LISTED BUILDINGS
650 ## - SUBJECT ADDED ENTRY--TOPICAL TERM
Topical term or geographic name entry element CURTILAGE
650 ## - SUBJECT ADDED ENTRY--TOPICAL TERM
Topical term or geographic name entry element SKERRITS OF NOTTINGHAM LTD V SOS ENVIRONMENT
650 ## - SUBJECT ADDED ENTRY--TOPICAL TERM
Topical term or geographic name entry element ENFORCEMENT NOTICES
650 ## - SUBJECT ADDED ENTRY--TOPICAL TERM
Topical term or geographic name entry element TOWN AND COUNTRY PLANNING ACT 1990 S65
650 ## - SUBJECT ADDED ENTRY--TOPICAL TERM
Topical term or geographic name entry element DYER V DORSET CC
650 ## - SUBJECT ADDED ENTRY--TOPICAL TERM
Topical term or geographic name entry element DEBENHAMS V WESTMINSTER CITY COUNCIL
690 ## - LOCAL SUBJECT ADDED ENTRY--TOPICAL TERM (OCLC, RLIN)
Topical term or geographic name as entry element PROPERTY
942 ## - ADDED ENTRY ELEMENTS (KOHA)
Suppress in OPAC 0
Holdings
Withdrawn status Lost status Source of classification or shelving scheme Damaged status Not for loan Home library Current library Shelving location Date acquired Total Checkouts Full call number Barcode Date last seen Copy number Price effective from Koha item type
    Dewey Decimal Classification     London London News article 22/03/2000   WB3612-24 104973-1001 06/08/2019 1 06/08/2019 News article